Personalizované odporúčanie na Webe

Salvato in:
Dettagli Bibliografici
Autore principale: Tomaštík, Nikolas (Autore)
Altri autori: Kompan, Michal (Relatore della tesi)
Natura: Manoscritto Libro
Lingua:slovacco
Pubblicazione: 2019
Soggetti:
Accesso online:http://is.stuba.sk/zp/portal_zp.pl?podrobnosti=135007
Tags: Aggiungi Tag
Nessun Tag, puoi essere il primo ad aggiungerne!!

MARC

LEADER 00000ntm a22000003a 4500
001 stuzp75200
003 SK-STU
005 20190622213338.9
007 ta
008 150427s2015----xo-----f-mn---000-0-slo-d
040 |a STU  |b slo 
041 0 |a slo 
100 1 |a Tomaštík, Nikolas  |u 070200  |4 aut  |U FIIT Fakulta informatiky a informačných technológií  |T FIIT Ústav informatiky, informačných systémov a softvérového inžinierstva  |X 86049  |U I200  |Y 179  |7 86049 
242 0 1 |a Personalized recommendation on the Web  |y eng 
245 1 0 |a Personalizované odporúčanie na Webe 
260 |c 2019 
650 4 |a zaujímavé miesta  |2 slo 
650 4 |a personalizácia  |2 slo 
650 4 |a odporúčanie  |2 slo 
650 4 |a point of interest  |2 eng 
650 4 |a recommendation  |2 eng 
650 4 |a presonalization  |2 eng 
700 1 |a Kompan, Michal  |u 070200  |k Z1  |4 ths  |U FIIT Fakulta informatiky a informačných technológií  |T FIIT Ústav informatiky, informačných systémov a softvérového inžinierstva  |X 29626  |U I200  |Y 179  |7 29626 
856 4 |u http://is.stuba.sk/zp/portal_zp.pl?podrobnosti=135007 
996 |c I*BAP130/19  |l II680  |s P  |a 0  |w stuzp75200_0001